[Event "GER M05-B email"]
[Site "GER email"]
[Date "2016.06.26"]
[Round "?"]
[White "Heinke, Richard"]
[Black "Kurgansky, Vitaly Ivanovich"]
[Result "1-0"]
[WhiteElo "2357"]
[BlackElo "2374"]
[PlyCount "23"]
[EventDate "2016.??.??"]
[EventType "tourn (corr)"]
[EventRounds "15"]
[EventCountry "GER"]
[SourceTitle "Corr 2017"]
[Source "ChessBase"]
[SourceDate "2017.09.19"]
[SourceVersion "1"]
[SourceVersionDate "2017.09.19"]
[SourceQuality "1"]

1. d4 d5 2. c4 c6 3. Nf3 Nf6 4. Nc3 e6 5. Bg5 h6 6. Bh4 dxc4 7. e4 g5 8. Bg3 b5 9. Be2 Bb7 10. 0-0 Nbd7 11. Ne5 Bg7 12. Nxd7 1-0

[Event "GER M05-B email"]
[Site "GER email"]
[Date "2016.06.26"]
[Round "?"]
[White "Kurgansky, Vitaly Ivanovich"]
[Black "Langer, Raimund"]
[Result "1/2-1/2"]
[WhiteElo "2374"]
[BlackElo "2376"]
[PlyCount "58"]
[EventDate "2016.??.??"]
[EventType "tourn (corr)"]
[EventRounds "15"]
[EventCountry "GER"]
[SourceTitle "Corr 2017"]
[Source "ChessBase"]
[SourceDate "2017.09.19"]
[SourceVersion "1"]
[SourceVersionDate "2017.09.19"]
[SourceQuality "1"]

1. e4 e5 2. Nf3 Nc6 3. Bb5 a6 4. Ba4 Nf6 5. 0-0 Be7 6. Re1 b5 7. Bb3 d6 8. c3 0-0 9. h3 Bb7 10. d4 Re8 11. Nbd2 Bf8 12. d5 Nb8 13. Nf1 Nbd7 14. N3h2 Nc5 15. Bc2 c6 16. b4 Ncd7 17. dxc6 Bxc6 18. Bg5 Qc7 19. Ng3 h6 20. Bxf6 Nxf6 21. Ng4 Nxg4 22. Qxg4 Bd7 23. Qf3 a5 24. Bb3 Be6 25. Rac1 Rec8 26. bxa5 Qxa5 27. Rc2 Qd8 28. Qd3 Rc5 29. Nf5 Ra3 1/2-1/2